| 000 | 00000ngm 2200000za 4500 |
| 001 | 9.845354 |
| 003 | CaOODSP |
| 005 | 20240213112804 |
| 006 | m o c f |
| 007 | cr cna|||a|||| |
| 008 | 171011s2016 onc035 fo vlfre d |
| 040 | |aCaOODSP|bfre |
| 043 | |an-cn--- |
| 086 | 1 |aRv4-90/2016F-MP4 |
| 245 | 00|aComment remplir une déclaration de la TPS/TVH |h[ressource électronique] / |cAgence du revenu du Canada. |
| 260 | |a[Ottawa] : |bAgence du revenu du Canada, |c2016. |
| 300 | |a1 vidéo en streaming (35 min., 10 sec.) : |bs., coul. |
| 500 | |aPubl. aussi en anglais sous le titre : How to complete a GST/HST return. |
| 500 | |aTitre du titre d'écran. |
| 500 | |a« Novembre 2016. » |
| 500 | |aTranscription de la vidéo en format HTML est fourni par l’éditeur. |
| 520 | |a« Ce webinaire porte sur la déclaration de la taxe sur les produits et services/taxe de vente harmonisée (TPS/TVH). Il fournit aux employeurs des instructions étape par étape sur la façon de demander les crédits de taxe sur les intrants, de calculer la taxe nette et de remplir la déclaration »--Fournis par l'éditeur. |
| 538 | |aExigences du système : Windows Media Player. |
| 538 | |aMode d'accès : World Wide Web. |
| 692 | 07|2gccst|aTaxe de vente |
| 692 | 07|2gccst|aCrédit d'impôt |
| 692 | 07|2gccst|aEntreprise |
| 710 | 2 |aAgence du revenu du Canada. |
| 775 | 08|tHow to complete a GST/HST return |w(CaOODSP)9.845351 |
| 856 | 40|qMP4|s122.95 Mo|uhttps://publications.gc.ca/collections/collection_2017/arc-cra/Rv4-90-2016-fra.mp4|zVidéo |
| 856 | 4 |qHTML|sS.O.|uhttps://www.canada.ca/fr/agence-revenu/nouvelles/bibliotheque-multimedia-arc/galerie-videos-entreprises/transcription-comment-remplir-declaration-tps-tvh.html|zTranscription |